Biggest Cities in North America - Statistics

General Stats
  • This quiz has been taken 3,547 times
    1,862 since last reset
  • The average score is 32 of 50
Answer Stats
Rank Population City % Correct
2. 22,200,000 New York City
99%
3. 17,700,000 Los Angeles
97%
1. 22,600,000 Mexico City
96%
4. 9,800,000 Chicago
93%
9. 7,000,000 Dallas
90%
10. 6,500,000 Houston
90%
12. 6,250,000 Miami
90%
7. 7,350,000 Toronto
90%
5. 7,800,000 San Francisco Bay Area
85%
6. 7,600,000 Boston
84%
18. 4,300,000 Seattle
84%
33. 2,750,000 Vancouver
82%
11. 6,300,000 Washington D.C.
81%
19. 4,200,000 Montréal
79%
8. 7,350,000 Philadelphia
79%
23. 3,400,000 San Diego
79%
13. 6,000,000 Atlanta
76%
14. 5,700,000 Detroit
74%
17. 4,500,000 Phoenix
74%
43. 2,150,000 Austin
71%
22. 3,650,000 Denver
71%
34. 2,450,000 Portland
70%
42. 2,150,000 San Antonio
68%
41. 2,250,000 Las Vegas
67%
38. 2,350,000 San Jose (Costa Rica)
66%
39. 2,250,000 Havana
63%
20. 4,200,000 Tampa
62%
24. 3,300,000 Orlando
61%
26. 3,100,000 Minneapolis
60%
15. 5,150,000 Guadalajara
59%
48. 2,000,000 Kansas City
57%
30. 2,900,000 Charlotte
56%
31. 2,850,000 Baltimore
55%
47. 2,000,000 Indianapolis
55%
27. 3,100,000 Cleveland
54%
16. 4,850,000 Monterrey
54%
25. 3,100,000 Guatemala City
51%
45. 2,100,000 Pittsburgh
51%
37. 2,350,000 St. Louis
51%
35. 2,400,000 Columbus
49%
49. 2,000,000 Tijuana
48%
46. 2,100,000 Sacramento
46%
21. 3,850,000 Santo Domingo
46%
28. 3,100,000 Port-Au-Prince
44%
36. 2,350,000 Salt Lake City
43%
32. 2,750,000 Cincinnati
38%
29. 3,100,000 Puebla
29%
44. 2,150,000 San Juan
29%
50. 2,000,000 Leon
16%
40. 2,250,000 Toluca
11%
No matching quizzes found
Score Distribution
Percent of People with Each Score
Percentile by Number Answered
Your Score History
You have not taken this quiz since the last reset